书目信息 |
| 题名: |
Illustrator CS2入门与实战
|
|
| 作者: | 朱长利 , 彭宗勤 编著 | |
| 分册: | ||
| 出版信息: | 北京 电子工业出版社 2006 |
|
| 页数: | 342页 | |
| 开本: | 26cm | |
| 丛书名: | 形意设计坊 | |
| 单 册: | ||
| 中图分类: | TP391.41 | |
| 科图分类: | ||
| 主题词: | 图形软件, Illustrator cs2--Tu Xing Ruan Jian , Illustrator Cs2 | |
| 电子资源: | ||
| ISBN: | 7-121-02384-9 | |
| 000 | 00857nam 2200253 450 | |
| 001 | CAL 012006044742 | |
| 005 | 20061123154809.16 | |
| 010 | @a7-121-02384-9@dCNY 36.80 | |
| 010 | @a7-89496-882-X@b光盘 | |
| 099 | @aCAL 012006044742 | |
| 100 | @a20060424d2006 em y0chiy0121 ea | |
| 101 | 0 | @achi |
| 102 | @aCN@b110000 | |
| 200 | 1 | @aIllustrator CS2入门与实战@AIllustrator CS2 Ru Men Yu Shi Zhan@f朱长利,彭宗勤编著@Fzhu chang li,peng zong qin bian zhu |
| 210 | @a北京@c电子工业出版社@d2006 | |
| 215 | @a342页@c图@d26cm@e光盘1片 | |
| 225 | 2 | @a形意设计坊@AXing Yi She Ji Fang |
| 410 | 0 | @12001 @a形意设计坊 |
| 606 | 0 | @a图形软件, Illustrator cs2@ATu Xing Ruan Jian , Illustrator Cs2 |
| 690 | @aTP391.41@v4 | |
| 701 | 0 | @a朱长利@AZhu Chang Li@4编著 |
| 701 | 0 | @a彭宗勤@APeng Zong Qin@4编著 |
| 801 | @aCN@c20061123 | |
| 905 | @apdsgxy@dTP391.41@eZ833 | |
| Illustrator CS2入门与实战/朱长利,彭宗勤编著.-北京:电子工业出版社,2006 |
| 342页:图;26cm+光盘1片.-(形意设计坊) |
| ISBN 7-121-02384-9:CNY 36.80 |
| ● |
| 相关链接 |
|
|
|
正题名:Illustrator CS2入门与实战
索取号:TP391.41/Z833
 
预约/预借
| 序号 | 登录号 | 条形码 | 馆藏地/架位号 | 状态 | 备注 |
| 1 | 616199 | 206161990 | 自科二线404/404自科库 10排2列1层/ [索取号:TP391.41/Z833] | 在馆 | |
| 2 | 616200 | 206162007 | 自科库301/301自科库 68排6列2层/ [索取号:TP391.41/Z833] | 在馆 | |
| 3 | 616201 | 206162016 | 自科库301/301自科库 68排6列2层/ [索取号:TP391.41/Z833] | 在馆 |